[Event "-chT Youth Countries 2019"]
[Site "Wuerzburg"]
[Date "2019.10.04"]
[Round "4.6"]
[White "Hubert, Charlotte"]
[Black "Reuter, Elisa"]
[Result "0-1"]
[WhiteElo "1341"]
[BlackElo "1873"]
[Annotator "NA"]
[PlyCount "58"]
[EventDate "2019.10.02"]
[EventType "team-tourn"]
[EventRounds "7"]
[EventCountry "GER"]
[SourceTitle "playchess.com"]
[Source "ChessBase"]
[SourceQuality "1"]
[WhiteTeam "Hamburg/Schleswig-Holstein"]
[BlackTeam "Thüringen"]
[TimeControl "40/5400+30:1800+30"]

1. e4 {[%emt 0:00:00]} c5 {[%emt 0:00:00]} 2. Nf3 {[%emt 0:00:00]} Nc6 {[%emt 0:00:00]} 3. c3 {[%emt 0:00:01]} Nf6 {[%emt 0:00:00]} 4. e5 {[%emt 0:00:27]} Nd5 {[%emt 0:00:00]} 5. d4 {[%emt 0:00:26]} cxd4 {[%emt 0:00:00]} 6. cxd4 {[%emt 0:00:16]} d6 {[%emt 0:00:00]} 7. Bc4 {[%emt 0:00:38]} Nb6 {[%emt 0:00:07]} 8. Bb5 {[%emt 0:00:12]} dxe5 {[%emt 0:00:15]} 9. Nxe5 {[%emt 0:00:36]} Bd7 {[%emt 0:00:06]} 10. Nxd7 {[%emt 0:00:13]} Qxd7 {[%emt 0:00:08]} 11. Nc3 {[%emt 0:00:50]} e6 {[%emt 0:00:19]} 12. O-O {[%emt 0:00:38]} Be7 {[%emt 0:01:21]} 13. Re1 {[%emt 0:04:19]} O-O {[%emt 0:00:58]} 14. Be3 {[%emt 0:04:17]} a6 {[%emt 0:05:06]} 15. Bf1 {[%emt 0:17:12]} Nd5 {[%emt 0:05:16]} 16. Qd2 {[%emt 0:05:24]} Rfd8 {[%emt 0:01:52]} 17. Red1 {[%emt 0:03:51]} Rac8 {[%emt 0:03:07]} 18. Rac1 {[%emt 0:05:18]} Bb4 {[%emt 0:02:24]} 19. Qe2 {[%emt 0:09:32]} Nce7 {[%emt 0:14:17]} 20. Ne4 {[%emt 0:05:52]} Nxe3 {[%emt 0:05:43]} 21. fxe3 {[%emt 0:01:09]} Nd5 {[%emt 0:00:36]} 22. a3 {[%emt 0:03:24]} Be7 {[%emt 0:01:16]} 23. Qf3 {[%emt 0:12:26]} Rxc1 {[%emt 0:08:16]} 24. Rxc1 {[%emt 0:00:09]} Rc8 {[%emt 0:00:20]} 25. Rxc8+ {[%emt 0:01:45]} Qxc8 {[%emt 0:00:09]} 26. Nf2 {[%emt 0:06:17]} Qc1 {[%emt 0:13:57]} 27. Nd1 {[%emt 0:02:40]} Bg5 {[%emt 0:01:29]} 28. e4 {[%emt 0:03:32]} Ne3 {[%emt 0:03:33]} 29. Qg3 {[%emt 0:02:12]} h6 {[%emt 0:00:46] normal} 0-1

[Event "-chT Youth Countries 2019"]
[Site "Wuerzburg"]
[Date "2019.10.04"]
[Round "4.7"]
[White "Wiesner, Paula"]
[Black "Fuchs, Florian"]
[Result "1-0"]
[WhiteElo "1958"]
[BlackElo "2256"]
[Annotator "NA"]
[PlyCount "95"]
[EventDate "2019.10.02"]
[EventType "team-tourn"]
[EventRounds "7"]
[EventCountry "GER"]
[SourceTitle "playchess.com"]
[Source "ChessBase"]
[SourceQuality "1"]
[WhiteTeam "Berlin"]
[BlackTeam "Bayern 2"]
[TimeControl "40/5400+30:1800+30"]

1. d4 {[%emt 0:00:00]} d5 {[%emt 0:00:00]} 2. c4 {[%emt 0:00:00]} dxc4 {[%emt 0:00:00]} 3. Nf3 {[%emt 0:00:00]} Nf6 {[%emt 0:00:08]} 4. e3 {[%emt 0:00:46]} e6 {[%emt 0:00:08]} 5. Bxc4 {[%emt 0:00:12]} c5 {[%emt 0:00:06]} 6. O-O {[%emt 0:01:37]} a6 {[%emt 0:00:12]} 7. a4 {[%emt 0:04:21]} Nc6 {[%emt 0:00:11]} 8. Nc3 {[%emt 0:00:38]} Be7 {[%emt 0:02:17]} 9. d5 {[%emt 0:09:32]} exd5 {[%emt 0:06:52]} 10. Nxd5 {[%emt 0:00:34]} O-O {[%emt 0:21:05]} 11. Nxe7+ {[%emt 0:04:12]} Qxe7 {[%emt 0:00:18]} 12. h3 {[%emt 0:01:04]} b6 {[%emt 0:02:32]} 13. b3 {[%emt 0:03:19]} Rd8 {[%emt 0:05:55]} 14. Qe2 {[%emt 0:00:38]} Na5 {[%emt 0:04:24]} 15. Bb2 {[%emt 0:03:20]} Nxc4 {[%emt 0:10:02]} 16. Qxc4 {[%emt 0:02:20]} Nd5 {[%emt 0:01:00]} 17. Ne5 {[%emt 0:10:34]} Qe8 {[%emt 0:02:04]} 18. e4 {[%emt 0:05:09]} Nb4 {[%emt 0:00:57]} 19. Rad1 {[%emt 0:02:46]} Be6 {[%emt 0:00:33]} 20. Qc3 {[%emt 0:01:14]} f6 {[%emt 0:00:33]} 21. Nc4 {[%emt 0:01:58]} Qc6 {[%emt 0:09:55]} 22. Ba3 {[%emt 0:05:08]} a5 {[%emt 0:04:17]} 23. e5 {[%emt 0:03:24]} f5 {[%emt 0:02:08]} 24. Rd6 {[%emt 0:02:04]} Rxd6 {[%emt 0:00:32]} 25. exd6 {[%emt 0:00:27]} Kf8 {[%emt 0:05:02]} 26. Bb2 {[%emt 0:02:32]} Ra7 {[%emt 0:00:09]} 27. Qe5 {[%emt 0:09:36]} Bxc4 {[%emt 0:04:53]} 28. bxc4 {[%emt 0:00:07]} Qe4 {[%emt 0:00:17]} 29. d7 {[%emt 0:04:54]} Rxd7 {[%emt 0:00:39]} 30. Qb8+ {[%emt 0:00:07]} Kf7 {[%emt 0:00:27]} 31. Qxb6 {[%emt 0:00:15]} Qxc4 {[%emt 0:00:35]} 32. Rc1 {[%emt 0:02:28]} Qe6 {[%emt 0:01:44]} 33. Qxe6+ {[%emt 0:03:31]} Kxe6 {[%emt 0:00:07]} 34. Rxc5 {[%emt 0:00:14]} Rd1+ {[%emt 0:05:50]} 35. Kh2 {[%emt 0:00:03]} Nd3 {[%emt 0:00:18]} 36. Rc6+ {[%emt 0:03:31]} Kd5 {[%emt 0:00:56]} 37. Rb6 {[%emt 0:00:35]} g6 {[%emt 0:05:23]} 38. Bc3 {[%emt 0:04:21]} Nxf2 {[%emt 0:01:19]} 39. Bxa5 {[%emt 0:00:08]} f4 {[%emt 0:00:09]} 40. g4 {[%emt 0:00:47]} Ke4 {[%emt 0:03:08]} 41. Kg2 {[%emt 0:33:11]} Ke3 {[%emt 0:31:25]} 42. Re6+ {[%emt 0:05:23]} Ne4 {[%emt 0:00:24]} 43. Bb6+ {[%emt 0:00:04]} Kd3 {[%emt 0:00:05]} 44. Re7 {[%emt 0:00:33]} Rb1 {[%emt 0:00:00]} 45. a5 {[%emt 0:00:00]} Rb2+ {[%emt 0:00:00]} 46. Kf3 {[%emt 0:00:00]} Nf6 {[%emt 0:00:00]} 47. Re5 {[%emt 0:00:00]} Rb4 {[%emt 0:00:00]} 48. Bd8 {[%emt 0:00:00] normal} 1-0

[Event "-chT Youth Countries 2019"]
[Site "Wuerzburg"]
[Date "2019.10.04"]
[Round "4.7"]
[White "Bardorz, Jana"]
[Black "Yue, Qizhou"]
[Result "1/2-1/2"]
[WhiteElo "1929"]
[BlackElo "1810"]
[Annotator "NA"]
[PlyCount "45"]
[EventDate "2019.10.02"]
[EventType "team-tourn"]
[EventRounds "7"]
[EventCountry "GER"]
[SourceTitle "playchess.com"]
[Source "ChessBase"]
[SourceQuality "1"]
[WhiteTeam "Bayern 1"]
[BlackTeam "Rheinland-Pfalz"]
[TimeControl "40/5400+30:1800+30"]

1. e4 {[%emt 0:00:00]} c5 {[%emt 0:00:00]} 2. Nf3 {[%emt 0:00:00]} e6 {[%emt 0:00:00]} 3. d4 {[%emt 0:00:00]} cxd4 {[%emt 0:00:00]} 4. Nxd4 {[%emt 0:00:00]} Nc6 {[%emt 0:00:01]} 5. Nc3 {[%emt 0:00:00]} Qc7 {[%emt 0:00:09]} 6. Be3 {[%emt 0:00:00]} a6 {[%emt 0:00:08]} 7. Qf3 {[%emt 0:00:03]} Ne5 {[%emt 0:00:11]} 8. Qg3 {[%emt 0:00:33]} h5 {[%emt 0:00:11]} 9. h4 {[%emt 0:06:42]} d6 {[%emt 0:00:52]} 10. O-O-O {[%emt 0:04:47]} b5 {[%emt 0:01:27]} 11. a3 {[%emt 0:03:46]} Bb7 {[%emt 0:02:44]} 12. Bf4 {[%emt 0:08:54]} O-O-O {[%emt 0:07:53]} 13. f3 {[%emt 0:08:16]} Nf6 {[%emt 0:27:15]} 14. Rd2 {[%emt 0:05:03]} Be7 {[%emt 0:10:43]} 15. Be2 {[%emt 0:04:01]} Nc4 {[%emt 0:05:24]} 16. Bxc4 {[%emt 0:02:39]} Qxc4 {[%emt 0:01:46]} 17. Nb3 {[%emt 0:07:56]} d5 {[%emt 0:18:08]} 18. Na5 {[%emt 0:08:38]} Qc5 {[%emt 0:01:00]} 19. Nxb7 {[%emt 0:01:02]} Kxb7 {[%emt 0:00:16]} 20. exd5 {[%emt 0:02:40]} Nxd5 {[%emt 0:00:49]} 21. Nxd5 {[%emt 0:00:45]} Rxd5 {[%emt 0:00:53]} 22. Rxd5 {[%emt 0:02:05]} exd5 {[%emt 0:03:00] normal} 23. Rd1 {[%emt 0:03:25] normal} 1/2-1/2

[Event "-chT Youth Countries 2019"]
[Site "Wuerzburg"]
[Date "2019.10.04"]
[Round "4.7"]
[White "Mundt, Alexandra"]
[Black "Buchholz, Maja"]
[Result "1/2-1/2"]
[WhiteElo "1760"]
[BlackElo "1671"]
[Annotator "NA"]
[PlyCount "86"]
[EventDate "2019.10.02"]
[EventType "team-tourn"]
[EventRounds "7"]
[EventCountry "GER"]
[SourceTitle "playchess.com"]
[Source "ChessBase"]
[SourceQuality "1"]
[WhiteTeam "Schleswig-Holstein"]
[BlackTeam "Hessen"]
[TimeControl "40/5400+30:1800+30"]

1. e4 {[%emt 0:00:00]} e6 {[%emt 0:00:00]} 2. d4 {[%emt 0:00:00]} d5 {[%emt 0:00:00]} 3. Nd2 {[%emt 0:00:00]} Nf6 {[%emt 0:00:00]} 4. e5 {[%emt 0:00:00]} Nfd7 {[%emt 0:00:00]} 5. Bd3 {[%emt 0:00:03]} c5 {[%emt 0:00:00]} 6. c3 {[%emt 0:00:06]} Nc6 {[%emt 0:00:18]} 7. Ne2 {[%emt 0:00:49]} cxd4 {[%emt 0:01:01]} 8. cxd4 {[%emt 0:00:08]} f6 {[%emt 0:00:57]} 9. exf6 {[%emt 0:00:35]} Nxf6 {[%emt 0:00:19]} 10. O-O {[%emt 0:00:53]} Bd6 {[%emt 0:00:23]} 11. Nf3 {[%emt 0:01:40]} Qc7 {[%emt 0:00:28]} 12. h3 {[%emt 0:02:21]} O-O {[%emt 0:00:49]} 13. Be3 {[%emt 0:03:34]} Bd7 {[%emt 0:01:54]} 14. Nc3 {[%emt 0:07:32]} a6 {[%emt 0:02:34]} 15. Rc1 {[%emt 0:03:14]} Be8 {[%emt 0:06:53]} 16. Ng5 {[%emt 0:12:11]} Qe7 {[%emt 0:08:15]} 17. Re1 {[%emt 0:20:28]} h6 {[%emt 0:05:13]} 18. Nf3 {[%emt 0:00:32]} Bh5 {[%emt 0:14:54]} 19. Be2 {[%emt 0:03:21]} Bg6 {[%emt 0:04:21]} 20. a3 {[%emt 0:09:19]} Qf7 {[%emt 0:13:15]} 21. Qd2 {[%emt 0:12:35]} Ne4 {[%emt 0:03:50]} 22. Nxe4 {[%emt 0:00:45]} Bxe4 {[%emt 0:00:48]} 23. b4 {[%emt 0:13:05]} Qf6 {[%emt 0:06:04]} 24. Qb2 {[%emt 0:01:57]} e5 {[%emt 0:11:10]} 25. dxe5 {[%emt 0:03:46]} Nxe5 {[%emt 0:01:37]} 26. Bd4 {[%emt 0:00:49]} Rae8 {[%emt 0:05:17]} 27. Nxe5 {[%emt 0:01:47]} Bxe5 {[%emt 0:00:22]} 28. Rcd1 {[%emt 0:00:31]} Qxf2+ {[%emt 0:01:33]} 29. Bxf2 {[%emt 0:00:01]} Bxb2 {[%emt 0:00:12]} 30. Bc5 {[%emt 0:00:37]} Rf6 {[%emt 0:04:54]} 31. Bf3 {[%emt 0:02:00]} Bxa3 {[%emt 0:02:18]} 32. Rxd5 {[%emt 0:00:20]} Rfe6 {[%emt 0:02:57]} 33. Rd7 {[%emt 0:00:51]} Bxf3 {[%emt 0:02:28]} 34. Rxe6 Rxe6 {[%emt 0:00:20]} 35. gxf3 {[%emt 0:00:02]} b6 {[%emt 0:00:14]} 36. Bd4 {[%emt 0:00:02]} Rg6+ {[%emt 0:00:19]} 37. Kf2 {[%emt 0:00:15]} Bxb4 {[%emt 0:00:17]} 38. Rb7 {[%emt 0:00:46]} Ba5 {[%emt 0:00:27]} 39. Be3 {[%emt 0:01:56]} Kh7 {[%emt 0:00:32]} 40. Bd4 {[%emt 0:00:25]} b5 {[%emt 0:00:29]} 41. f4 {[%emt 0:01:28]} Kg8 {[%emt 0:07:17]} 42. Rb8+ {[%emt 0:09:20]} Kh7 {[%emt 0:00:54]} 43. Rb7 {[%emt 0:00:07]} Bb4 {[%emt 0:01:36] normal} 1/2-1/2

[Event "-chT Youth Countries 2019"]
[Site "Wuerzburg"]
[Date "2019.10.04"]
[Round "4.7"]
[White "Bock, Marlon"]
[Black "Rempe, Mieke"]
[Result "1-0"]
[WhiteElo "1671"]
[BlackElo "1530"]
[Annotator "NA"]
[PlyCount "69"]
[EventDate "2019.10.02"]
[EventType "team-tourn"]
[EventRounds "7"]
[EventCountry "GER"]
[SourceTitle "playchess.com"]
[Source "ChessBase"]
[SourceQuality "1"]
[WhiteTeam "Thüringen"]
[BlackTeam "Hamburg/Schleswig-Holstein"]
[TimeControl "40/5400+30:1800+30"]

1. d4 {[%emt 0:00:00]} Nf6 {[%emt 0:00:00]} 2. Nf3 {[%emt 0:00:00]} d5 {[%emt 0:00:52]} 3. e3 {[%emt 0:00:27]} e6 {[%emt 0:01:02]} 4. Bd3 {[%emt 0:00:51]} b6 {[%emt 0:01:17]} 5. O-O {[%emt 0:01:05]} Bb7 {[%emt 0:00:37]} 6. b3 {[%emt 0:00:56]} Bd6 {[%emt 0:01:07]} 7. Bb2 {[%emt 0:00:54]} O-O {[%emt 0:01:02]} 8. Nbd2 {[%emt 0:01:08]} Ne4 {[%emt 0:01:27]} 9. Ne5 {[%emt 0:01:05]} f5 {[%emt 0:03:28]} 10. f4 {[%emt 0:01:18]} Nd7 {[%emt 0:09:45]} 11. Ndf3 {[%emt 0:03:26]} Rf6 {[%emt 0:05:23]} 12. Qe2 {[%emt 0:07:55]} Rh6 {[%emt 0:03:02]} 13. Rac1 {[%emt 0:09:47]} Ndf6 {[%emt 0:02:18]} 14. c4 {[%emt 0:03:24]} Ng4 {[%emt 0:02:31]} 15. Nxg4 {[%emt 0:10:43]} fxg4 {[%emt 0:01:51]} 16. Bxe4 {[%emt 0:00:17]} dxe4 {[%emt 0:05:15]} 17. Ne5 {[%emt 0:00:42]} Bxe5 {[%emt 0:01:20]} 18. fxe5 {[%emt 0:02:21]} Rxh2 {[%emt 0:03:13]} 19. Qxg4 {[%emt 0:03:17]} Rh6 {[%emt 0:00:25]} 20. Ba3 {[%emt 0:01:21]} Rg6 {[%emt 0:12:02]} 21. Qf4 {[%emt 0:01:44]} Qe8 {[%emt 0:10:42]} 22. Rc2 {[%emt 0:04:19]} h6 {[%emt 0:05:07]} 23. Rcf2 {[%emt 0:02:00]} Kh7 {[%emt 0:01:34]} 24. Qf7 {[%emt 0:01:28]} Qxf7 {[%emt 0:01:58]} 25. Rxf7 {[%emt 0:00:10]} Rc8 {[%emt 0:00:15]} 26. Re7 {[%emt 0:01:05]} Ba8 {[%emt 0:01:08]} 27. Rff7 {[%emt 0:01:29]} c5 {[%emt 0:01:56]} 28. dxc5 {[%emt 0:00:35]} bxc5 {[%emt 0:00:07]} 29. Rxa7 {[%emt 0:01:02]} Rd8 {[%emt 0:00:51]} 30. Rad7 {[%emt 0:00:32]} Rc8 {[%emt 0:00:31]} 31. Rc7 {[%emt 0:00:46]} Rd8 {[%emt 0:00:08]} 32. Rfd7 {[%emt 0:00:07]} Rxd7 {[%emt 0:01:05]} 33. Rxd7 {[%emt 0:00:02]} Rg5 {[%emt 0:00:13]} 34. Bb2 {[%emt 0:01:00]} Kg6 {[%emt 0:01:40]} 35. Rc7 {[%emt 0:00:27] normal} 1-0

[Event "-chT Youth Countries 2019"]
[Site "Wuerzburg"]
[Date "2019.10.04"]
[Round "4.7"]
[White "Fischer, Darja"]
[Black "Ensslinger, Colin"]
[Result "0-1"]
[WhiteElo "1604"]
[BlackElo "1687"]
[Annotator "NA"]
[PlyCount "94"]
[EventDate "2019.10.02"]
[EventType "team-tourn"]
[EventRounds "7"]
[EventCountry "GER"]
[SourceTitle "playchess.com"]
[Source "ChessBase"]
[SourceQuality "1"]
[WhiteTeam "Baden 1"]
[BlackTeam "Team Süd"]
[TimeControl "40/5400+30:1800+30"]

1. d4 {[%emt 0:00:00]} Nf6 {[%emt 0:00:30]} 2. c4 {[%emt 0:00:00]} e5 {[%emt 0:00:22]} 3. dxe5 {[%emt 0:07:17]} Ng4 {[%emt 0:00:12]} 4. Nf3 {[%emt 0:04:00]} Nc6 {[%emt 0:00:10]} 5. h3 {[%emt 0:06:26]} Ngxe5 {[%emt 0:00:56]} 6. e4 {[%emt 0:05:12]} Bb4+ {[%emt 0:00:12]} 7. Bd2 {[%emt 0:01:10]} a5 {[%emt 0:00:53]} 8. a3 {[%emt 0:03:21]} Bxd2+ {[%emt 0:01:54]} 9. Nbxd2 {[%emt 0:00:18]} d6 {[%emt 0:00:31]} 10. Be2 {[%emt 0:02:56]} Be6 {[%emt 0:00:53]} 11. O-O {[%emt 0:04:56]} O-O {[%emt 0:00:30]} 12. Qc2 {[%emt 0:02:41]} Qf6 {[%emt 0:06:38]} 13. Nxe5 {[%emt 0:07:15]} Nd4 {[%emt 0:01:23]} 14. Qd1 {[%emt 0:02:18]} dxe5 {[%emt 0:01:16]} 15. Bg4 {[%emt 0:06:59]} Rfd8 {[%emt 0:01:19]} 16. Bxe6 {[%emt 0:02:57]} Nxe6 {[%emt 0:00:41]} 17. Qe1 {[%emt 0:06:00]} Nf4 {[%emt 0:02:19]} 18. Kh2 {[%emt 0:07:22]} Qg5 {[%emt 0:01:54]} 19. g3 {[%emt 0:03:38]} Rd3 {[%emt 0:07:19]} 20. Rh1 {[%emt 0:06:43]} Qh6 {[%emt 0:05:31]} 21. h4 {[%emt 0:03:26]} Ne6 {[%emt 0:01:53]} 22. Nf1 {[%emt 0:02:38]} Nd4 {[%emt 0:01:25]} 23. Qc1 {[%emt 0:01:33]} Qf6 {[%emt 0:00:28]} 24. f4 {[%emt 0:03:07]} Rf3 {[%emt 0:03:48]} 25. f5 {[%emt 0:03:03]} Nb3 {[%emt 0:02:10]} 26. Qd1 {[%emt 0:01:39]} Rf2+ {[%emt 0:00:14]} 27. Kh3 {[%emt 0:02:08]} Nxa1 {[%emt 0:00:18]} 28. Qxa1 {[%emt 0:00:24]} Qb6 {[%emt 0:01:10]} 29. Rh2 {[%emt 0:00:35]} Rxh2+ {[%emt 0:01:26]} 30. Nxh2 {[%emt 0:00:15]} Qd4 {[%emt 0:00:14]} 31. Qb1 {[%emt 0:01:41]} f6 {[%emt 0:01:29]} 32. Qc2 {[%emt 0:00:19]} Rd8 {[%emt 0:00:21]} 33. Qe2 {[%emt 0:02:29]} Qd3 {[%emt 0:00:13]} 34. Qe1 {[%emt 0:00:22]} b6 {[%emt 0:00:18]} 35. Nf1 {[%emt 0:00:35]} Qxc4 {[%emt 0:00:14]} 36. Qb1 {[%emt 0:00:39]} Rd3 {[%emt 0:01:34]} 37. Qe1 {[%emt 0:00:49]} Qd4 {[%emt 0:01:01]} 38. Qe2 {[%emt 0:00:35]} c5 {[%emt 0:00:41]} 39. Kh2 {[%emt 0:00:41]} c4 {[%emt 0:00:19]} 40. Kh3 {[%emt 0:00:17]} b5 {[%emt 0:00:51]} 41. Kh2 {[%emt 0:30:41]} b4 {[%emt 0:30:30]} 42. axb4 {[%emt 0:00:00]} axb4 {[%emt 0:00:00]} 43. Kh3 {[%emt 0:00:00]} Rb3 {[%emt 0:00:00]} 44. Nd2 {[%emt 0:00:00]} Rxb2 {[%emt 0:00:00]} 45. Qxc4+ {[%emt 0:00:00]} Qxc4 {[%emt 0:00:00]} 46. Nxc4 {[%emt 0:00:00]} Re2 {[%emt 0:00:00]} 47. Na5 {[%emt 0:00:00]} Rxe4 {[%emt 0:00:00] normal} 0-1

[Event "-chT Youth Countries 2019"]
[Site "Wuerzburg"]
[Date "2019.10.04"]
[Round "4.7"]
[White "Sauer, Tim"]
[Black "Bungarten, Jona"]
[Result "1/2-1/2"]
[WhiteElo "1597"]
[BlackElo "1669"]
[Annotator "NA"]
[PlyCount "48"]
[EventDate "2019.10.02"]
[EventType "team-tourn"]
[EventRounds "7"]
[EventCountry "GER"]
[SourceTitle "playchess.com"]
[Source "ChessBase"]
[SourceQuality "1"]
[WhiteTeam "Niedersachsen"]
[BlackTeam "Nordrhein-Westfalen"]
[TimeControl "40/5400+30:1800+30"]

1. c4 {[%emt 0:00:00]} e6 {[%emt 0:00:00]} 2. Nc3 {[%emt 0:00:00]} d5 {[%emt 0:00:00]} 3. cxd5 {[%emt 0:00:00]} exd5 {[%emt 0:00:00]} 4. d4 {[%emt 0:00:00]} Nf6 {[%emt 0:00:31]} 5. Bg5 {[%emt 0:00:21]} Be7 {[%emt 0:00:50]} 6. e3 {[%emt 0:00:06]} Bf5 {[%emt 0:00:31]} 7. Bxf6 {[%emt 0:00:59]} Bxf6 {[%emt 0:00:23]} 8. Qb3 {[%emt 0:00:05]} c6 {[%emt 0:07:57]} 9. Qxb7 {[%emt 0:01:49]} Qb6 {[%emt 0:00:46]} 10. Qxb6 {[%emt 0:25:56]} axb6 {[%emt 0:00:07]} 11. Nf3 {[%emt 0:00:52]} O-O {[%emt 0:01:35]} 12. Be2 {[%emt 0:01:11]} Rd8 {[%emt 0:04:08]} 13. O-O {[%emt 0:01:32]} Na6 {[%emt 0:05:33]} 14. a3 {[%emt 0:04:11]} Nc7 {[%emt 0:00:38]} 15. Rac1 {[%emt 0:04:52]} c5 {[%emt 0:01:54]} 16. Rfd1 {[%emt 0:00:49]} c4 {[%emt 0:01:47]} 17. Na2 {[%emt 0:01:01]} b5 {[%emt 0:03:42]} 18. Nb4 {[%emt 0:04:31]} Rd6 {[%emt 0:02:13]} 19. Ne1 {[%emt 0:05:57]} Ra7 {[%emt 0:05:52]} 20. Bf3 {[%emt 0:02:24]} Kf8 {[%emt 0:09:26]} 21. Kf1 {[%emt 0:01:17]} Ra8 {[%emt 0:02:52]} 22. Ke2 {[%emt 0:06:13]} Rad8 {[%emt 0:02:30]} 23. Rd2 {[%emt 0:01:51]} Na8 {[%emt 0:00:51]} 24. Na2 {[%emt 0:06:20]} Rb8 {normal} 1/2-1/2

[Event "-chT Youth Countries 2019"]
[Site "Wuerzburg"]
[Date "2019.10.04"]
[Round "4.7"]
[White "Haubold, Sebastian Marcel"]
[Black "Kempe, Caius Emilian"]
[Result "1/2-1/2"]
[WhiteElo "1585"]
[BlackElo "1835"]
[Annotator "NA"]
[PlyCount "71"]
[EventDate "2019.10.02"]
[EventType "team-tourn"]
[EventRounds "7"]
[EventCountry "GER"]
[SourceTitle "playchess.com"]
[Source "ChessBase"]
[SourceQuality "1"]
[WhiteTeam "Sachsen-Anhalt"]
[BlackTeam "Sachsen"]
[TimeControl "40/5400+30:1800+30"]

1. e4 {[%emt 0:00:00]} c5 {[%emt 0:00:00]} 2. Nf3 {[%emt 0:00:13]} Nc6 {[%emt 0:00:00]} 3. d4 {[%emt 0:00:45]} cxd4 {[%emt 0:00:00]} 4. Nxd4 {[%emt 0:00:32]} g6 {[%emt 0:00:00]} 5. Nc3 {[%emt 0:01:43]} Bg7 {[%emt 0:00:08]} 6. Be3 {[%emt 0:01:42]} Nf6 {[%emt 0:00:19]} 7. Bc4 {[%emt 0:01:54]} O-O {[%emt 0:00:08]} 8. Bb3 {[%emt 0:01:23]} Re8 {[%emt 0:03:33]} 9. f3 {[%emt 0:08:06]} e6 {[%emt 0:00:56]} 10. f4 {[%emt 0:09:32]} d6 {[%emt 0:01:12]} 11. h3 {[%emt 0:06:59]} Bd7 {[%emt 0:23:21]} 12. Ndb5 {[%emt 0:05:33]} d5 {[%emt 0:18:14]} 13. Nd6 {[%emt 0:02:13]} Re7 {[%emt 0:04:54]} 14. e5 {[%emt 0:04:52]} Ne8 {[%emt 0:01:00]} 15. Nxb7 {[%emt 0:06:29]} Qc7 {[%emt 0:01:10]} 16. Bc5 {[%emt 0:01:38]} Qxb7 {[%emt 0:00:29]} 17. Bxe7 {[%emt 0:01:42]} Nxe7 {[%emt 0:00:19]} 18. O-O {[%emt 0:02:56]} Nf5 {[%emt 0:01:39]} 19. Qd2 {[%emt 0:03:33]} a5 {[%emt 0:00:51]} 20. a4 {[%emt 0:00:52]} Nc7 {[%emt 0:00:35]} 21. g4 {[%emt 0:06:00]} Qa7+ {[%emt 0:02:12]} 22. Kh2 {[%emt 0:02:07]} Nd4 {[%emt 0:00:17]} 23. Ba2 {[%emt 0:05:00]} Rb8 {[%emt 0:04:42]} 24. b3 {[%emt 0:01:56]} Nc6 {[%emt 0:01:39]} 25. Rae1 {[%emt 0:04:21]} Ne7 {[%emt 0:03:37]} 26. h4 {[%emt 0:03:45]} Rb4 {[%emt 0:02:11]} 27. h5 {[%emt 0:05:03]} Qd4 {[%emt 0:01:19]} 28. Qxd4 {[%emt 0:01:43]} Rxd4 {[%emt 0:00:00]} 29. hxg6 {[%emt 0:01:01]} Nxg6 {[%emt 0:01:21]} 30. Kg3 {[%emt 0:01:25]} Na6 {[%emt 0:06:34]} 31. Rf3 {[%emt 0:02:41]} Nb4 {[%emt 0:00:50]} 32. Bb1 {[%emt 0:00:10]} Rd2 {[%emt 0:01:51]} 33. Re2 {[%emt 0:00:42]} Rxe2 {[%emt 0:00:17]} 34. Nxe2 {[%emt 0:00:02]} Ne7 {[%emt 0:00:31]} 35. c3 {[%emt 0:01:54]} Nbc6 {[%emt 0:00:49]} 36. Bd3 {[%emt 0:00:57] normal} 1/2-1/2

[Event "-chT Youth Countries 2019"]
[Site "Wuerzburg"]
[Date "2019.10.04"]
[Round "4.7"]
[White "Wucherer, Sophie"]
[Black "Woerz, Ann-Sophie"]
[Result "1-0"]
[WhiteElo "1531"]
[BlackElo "1500"]
[Annotator "NA"]
[PlyCount "95"]
[EventDate "2019.10.02"]
[EventType "team-tourn"]
[EventRounds "7"]
[EventCountry "GER"]
[SourceTitle "playchess.com"]
[Source "ChessBase"]
[SourceQuality "1"]
[WhiteTeam "Mecklenburg-Vorpommern"]
[BlackTeam "Württemberg"]
[TimeControl "40/5400+30:1800+30"]

1. d4 {[%emt 0:00:00]} d6 {[%emt 0:00:00]} 2. Nf3 {[%emt 0:00:10]} Nf6 {[%emt 0:00:16]} 3. c4 {[%emt 0:00:21]} c6 {[%emt 0:00:25]} 4. Nc3 {[%emt 0:01:22]} Nbd7 {[%emt 0:00:33]} 5. h3 {[%emt 0:03:05]} Qc7 {[%emt 0:01:22]} 6. Qc2 {[%emt 0:03:49]} e5 {[%emt 0:03:54]} 7. e4 {[%emt 0:04:24]} Be7 {[%emt 0:01:25]} 8. g3 {[%emt 0:00:33]} O-O {[%emt 0:01:51]} 9. Bg2 {[%emt 0:00:11]} Re8 {[%emt 0:00:34]} 10. O-O {[%emt 0:00:15]} b6 {[%emt 0:00:43]} 11. b3 {[%emt 0:08:57]} Bb7 {[%emt 0:01:20]} 12. Bb2 {[%emt 0:00:40]} Bf8 {[%emt 0:03:02]} 13. Rfe1 {[%emt 0:00:22]} a6 {[%emt 0:09:58]} 14. Rad1 {[%emt 0:01:07]} b5 {[%emt 0:01:49]} 15. cxb5 {[%emt 0:09:00]} axb5 {[%emt 0:00:19]} 16. Nxb5 {[%emt 0:03:33]} Qb6 {[%emt 0:06:19]} 17. Nc3 {[%emt 0:00:24]} Rac8 {[%emt 0:09:54]} 18. Qb1 {[%emt 0:08:48]} Nh5 {[%emt 0:02:34]} 19. Na4 {[%emt 0:17:38]} Qa7 {[%emt 0:01:20]} 20. Bc1 {[%emt 0:00:27]} exd4 {[%emt 0:01:53]} 21. Nxd4 {[%emt 0:00:29]} c5 {[%emt 0:02:13]} 22. Nb5 {[%emt 0:02:21]} Qa5 {[%emt 0:01:22]} 23. Na3 {[%emt 0:02:42]} Ba6 {[%emt 0:11:05]} 24. Bd2 {[%emt 0:04:12]} Qc7 {[%emt 0:04:06]} 25. Rc1 {[%emt 0:01:02]} Ne5 {[%emt 0:02:01]} 26. Nb2 {[%emt 0:00:14]} Qd7 {[%emt 0:03:18]} 27. Kh2 {[%emt 0:04:52]} Re6 {[%emt 0:02:10]} 28. Nac4 {[%emt 0:00:33]} Rg6 {[%emt 0:03:10]} 29. Nb6 {[%emt 0:02:57]} Qe6 {[%emt 0:02:43]} 30. Nxc8 {[%emt 0:02:12]} Bxc8 {[%emt 0:00:02]} 31. Rc3 {[%emt 0:01:24]} Qf6 {[%emt 0:03:06]} 32. Rf1 {[%emt 0:05:34]} Ba6 {[%emt 0:01:52]} 33. f4 {[%emt 0:04:37]} Bxf1 {[%emt 0:02:16]} 34. Qxf1 {[%emt 0:04:24]} Nc6 {[%emt 0:05:30]} 35. g4 {[%emt 0:00:25]} Qd4 {[%emt 0:00:13]} 36. Qe1 {[%emt 0:02:10]} Nxf4 {[%emt 0:03:33]} 37. Bxf4 {[%emt 0:00:15]} Rf6 {[%emt 0:00:04]} 38. Bg3 {[%emt 0:00:47]} Nb4 {[%emt 0:01:43]} 39. Qe3 {[%emt 0:01:50]} Qxe3 {[%emt 0:02:26]} 40. Rxe3 {[%emt 0:00:06]} Nxa2 {[%emt 0:00:14]} 41. Nd3 {[%emt 0:06:31]} Re6 {[%emt 0:02:00]} 42. Be1 {[%emt 0:00:43]} d5 {[%emt 0:00:45]} 43. Re2 {[%emt 0:01:29]} Nb4 {[%emt 0:01:06]} 44. Nf4 {[%emt 0:01:36]} Bd6 {[%emt 0:01:02]} 45. Bg3 {[%emt 0:01:00]} Bxf4 {[%emt 0:00:41]} 46. Bxf4 {[%emt 0:00:10]} d4 {[%emt 0:00:21]} 47. e5 {[%emt 0:04:55]} Kf8 {[%emt 0:01:46]} 48. Bd2 {[%emt 0:01:28] normal} 1-0